| 000 | 00495 a2200205 4500 | ||
|---|---|---|---|
| 005 | 20260213162947.0 | ||
| 008 | 260213b |||||||| |||| 00| 0 eng d | ||
| 020 |
_a9781647400125 _c$ 154.99 |
||
| 040 | _aMAIN | ||
| 082 |
_a575.1 _bK897G |
||
| 100 | _aKripke, Malcolm | ||
| 245 | _aGenetics: A conceptual approach | ||
| 260 |
_bSyrawood _c2020 _aNew York |
||
| 300 | _aviii, 215 | ||
| 650 | _aGenetics | ||
| 650 | _aBiology | ||
| 650 | _aEmbryology | ||
| 650 | _aGenomes | ||
| 942 | _cBK | ||
| 999 |
_c395826 _d395826 |
||